1894 1796 1950 1408 1331 1689 1847 1457 1238 1879 1897 1406 1360 1744 1169 1600 1860 1922 1279 1814 1793 1252 1668 1234 1001 1416 1111 1259 1232 1590 1232 1464 1586 1900 1717 1475 1215 1148 1438 1790 1495 1338 1027 1079 1601 1662 1859 1924 1512 1310 1537 1738 1514 1636 1269 1391 1632 1372 1327 1919 1119 1762 1707 1424 1510 1447 1519 1799 1072 1985 1860 1106 1105 1150 1929 1362 1650 1026 1810 1575 1184 1365 1207 1736 1597 1621 1095 1948 1205 1634 1167 1182 1119 1173 1659 1247 1770 1546 1776 BCNSPRNW ULIB Ver.6.0+V

เปลี่ยนเป็นภาษาไทย

Change to English
 แสดงรายละเอียดบรรณานุกรม
  กลับหน้าหลัก

Brief Record : Get Marc (ISO 2709) : E-mail record : QR code < ปิดหน้าต่าง
LEADER : 00000nam 2200000uu 4500
001    13399125159
003     ULIB
008    161025s2558||||th 000 0 tha d
099    ^aวจ.WG340^bส753ผ
100 0  ^aสุจิตรา ทัดเที่ยง, มณฑนา อัจฉริยศักดิ์ชัย และกชกร สายบุญศรี
245 00 ^aผลการใช้กิจกรรมส่งเสริมสุขภาพที่บ้านต่อพฤติกรรมการดูแลสุขภาพตนเองของผู้สูงอายุโรคความดันโลหิตสูงในชุมชนดีอินทร์พัฒนา จังหวัดพิษณุโลก ^cสิรีรัตน์ อายุวัฒน์, มณฑนา อัจฉริยศักดิ์ชัย และกชกร สายบุญศรี
260    ^aพิษณุโลก:^bวิทยาลัยพยาบาลบรมราชชนนี พุทธชินราช^c2558
300    ^a62 หน้า
700 0  ^aมณฑนา อัจฉริยศักดิ์ชัย
700 0  ^aกชกร สายบุญศรี
945    ^p0^l0^i001408
999    ^aณรีรัตน์
รายการนี้ยังไม่มีแท็ก
คุณยังไม่ได้ล็อกอิน คุณสามารถมีกิจกรรมร่วมกับเว็บไซต์ได้ แต่ต้องล็อกอินก่อน ::
  ล็อกอิน

รายการสื่อสารสนเทศ

ลำดับที่ ประเภท เลขเรียก/บาร์โค้ด สถานที่ สถานะ
1. งานวิจัย
งานวิจัย
วจ.WG340 ส753ผ ฉ.1 
  Barcode: 001408
ห้องสมุดวิทยาเขตสวรรค์ประชารักษ์
►วิจัย
บนชั้น

BibComment


ยังไม่เคยถูกคอมเมนท์

คอมเมนท์ทรัพยากรรายการนี้
  คอมเมนท์: ผลการใช้กิจกรรมส..


 Copyright 2026. Bcnsprnw @Library